000 00431nam a2200145Ia 4500
008 100122s9999 xx 000 0 und d
082 _b16057
_a823.08
100 _aआपटे ना ह
245 _aकथा कौमुदी
260 _bहिंदुस्थान साहित्य
_c1970
300 _a203
630 _aकथा कौमुदी
730 _aकथा कौमुदी
942 _cBOOK
999 _c406147
_d406144